00552nam a2200169 i 4500001000400000100003600004245006800040250001300108260003600121300002100157650003400178020001500212040000800227041000800235008004100243856009800284bgj1 aHEMINGWAY, Ernestd(1899-1961).10aThe Snows of Kilimanjaro and Other Stories /cErnest Hemingway. a[Repr.]. aLondon :bTriad Grafton,c1977. a143 pp ;c18 cm. 9aAmerican fitiony20th century a0586044612 cBPK0 aeng s uk f |000 0 eng  uhttp://koha.tu.koszalin.pl/cgi-bin/koha/opac-detail.pl?biblionumber=47785yKatalog online BPK